Normal view
MARC view
- Mahmood, Lt Col. Salim ( TE-22)
Entry Personal Name
001 - CONTROL NUMBER
- control field: 131157
003 - CONTROL NUMBER IDENTIFIER
- control field: NUST
005 - DATE AND TIME OF LATEST TRANSACTION
- control field: 20251015130611.0
008 - FIXED-LENGTH DATA ELEMENTS
- fixed length control field: 251015|| aca||aabn | a|a d
040 ## - CATALOGING SOURCE
- Original cataloging agency: NUST
- Transcribing agency: NUST
100 ## - HEADING--PERSONAL NAME
- Personal name: Mahmood, Lt Col. Salim ( TE-22)
670 ## - SOURCE DATA FOUND
- Source citation: Work cat.: (NUST)182049: Mahmood, Lt Col. Salim ( TE-22), Fiber optics system /, 1990
